000 00901nam a2200193Ii 4500
003 JO-AjNU
008 230605s9999||||xx |||||||||||||| ||und||
040 _aJO-AjNU
_bara
_erda
_cJO-AjNU
041 _aara
050 1 4 _aKMM166.3.J56.1988
100 3 _aإعداد المكتب الفني بادارة ابراهيم أبورحمة، نقابة المحامين,
_eauthor
_947220
245 0 0 _aقانون أصول المحاكمات المدنية رقم (24) لسنة 1988 وقانون محاكم الصلح رقم (15) لسنة 1952 في صيغتة المعدلة بموجب القانون رقم 25 لسنة 1988
264 3 1 _aعمان: نقابة المحامين، 1988
300 _a137ص
336 _atext
_btxt
_2rdacontent
337 _aunmediated
_bn
_2rdamedia
338 _avolume
_bnc
_2rdacarrier
650 4 _aالمحاكمات المدنية -- قوانين -- الاردن
_947221
999 _aA20598
_c24166
_d24166